000 00218nam a2200097Ia 4500
008 170619s9999 xx 000 0 und d
100 _aSchneider/ Perry
245 0 _aElectronic Commerce
260 _bThompson
260 _c2001
546 _aENGLISH
999 _c17977
_d17977